000 00501nam a22001697a 4500
008 170303b xxu||||| |||| 00| 0 eng d
082 _aCD12440
100 _aPokhrel, Kalpana
245 _aClassroom management in teaching speaking skills
260 _aKathmandu:
_bTU,
_c2016.
502 _aDissertation
_bDegree in Education (English)
_cTU
650 _aEnglish language
650 _aClassroom teaching
650 _aClassroom management
_917071
650 _aSpeaking skills
942 _2ddc
_cVM
999 _c80251
_d80240